গয়্যা / (Record no. 254298)
[ view plain ]
| 000 -LEADER | |
|---|---|
| fixed length control field | 00830nam a22002057a 4500 |
| 003 - CONTROL NUMBER IDENTIFIER | |
| control field | BD-DhUL |
| 005 - DATE AND TIME OF LATEST TRANSACTION | |
| control field | 20210912111005.0 |
| 008 - FIXED-LENGTH DATA ELEMENTS--GENERAL INFORMATION | |
| fixed length control field | 210825s1999 bg a|||| |||| 00| 0 be |
| 020 ## - INTERNATIONAL STANDARD BOOK NUMBER | |
| International Standard Book Number | 9845550107 (hbk) |
| 040 ## - CATALOGING SOURCE | |
| Original cataloging agency | BD-DhUL |
| Transcribing agency | BD-DhUL |
| 082 ## - DEWEY DECIMAL CLASSIFICATION NUMBER | |
| Classification number | 700.92 |
| Item number | CHG |
| 100 1# - MAIN ENTRY--PERSONAL NAME | |
| Personal name | চৌধুরী, কবীর |
| 245 00 - TITLE STATEMENT | |
| Title | গয়্যা / |
| Statement of responsibility, etc. | কবীর চৌধুরী । |
| 260 ## - PUBLICATION, DISTRIBUTION, ETC. (IMPRINT) | |
| Place of publication, distribution, etc. | ঢাকা : |
| Name of publisher, distributor, etc. | বাংলাদেশ শিল্পকলা একাডেমী, |
| Date of publication, distribution, etc. | ১৯৯৯ । |
| 300 ## - PHYSICAL DESCRIPTION | |
| Extent | ৮০ পৃ. : |
| Other physical details | সম্মুখ চিত্র, চিত্র (কিছু রঙিন) ; |
| Dimensions | ২২ সেমি. |
| 365 ## - TRADE PRICE | |
| Price type code | BDT |
| Price amount | 100.00 |
| 600 4# - SUBJECT ADDED ENTRY--PERSONAL NAME | |
| Personal name | গয়্যা, ফ্রান্সিসকো |
| General subdivision | জীবনী । |
| 600 4# - SUBJECT ADDED ENTRY--PERSONAL NAME | |
| Personal name | Goya Francisco |
| General subdivision | Biography. |
| 942 ## - ADDED ENTRY ELEMENTS (KOHA) | |
| Source of classification or shelving scheme | |
| Koha item type | Books |
| Date last seen | Permanent Location | Not for loan | Date acquired | Source of classification or shelving scheme | Koha item type | Lost status | Withdrawn status | Copy number | Source of acquisition | Collection code | Damaged status | Shelving location | Barcode | Current Location | Full call number |
|---|---|---|---|---|---|---|---|---|---|---|---|---|---|---|---|
| 2021-08-25 | Dhaka University Library | 2020-12-28 | Books | 1 | Purchased | Non Fiction | General Stacks | 519611 | Dhaka University Library | 700.92 CHG | |||||
| 2021-08-25 | Dhaka University Library | 2020-12-28 | Books | 2 | Purchased | Non Fiction | General Stacks | 519612 | Dhaka University Library | 700.92 CHG |
